Principles of soft computing / (Record no. 591996)

000 -LEADER
fixed length control field 01035nam a22001457a 4500
040 ## - CATALOGING SOURCE
Transcribing agency NUST
082 ## - DEWEY DECIMAL CLASSIFICATION NUMBER
Classification number 006.3,SIV
100 ## - MAIN ENTRY--PERSONAL NAME
Personal name Sivanandam, S.N.
9 (RLIN) 101098
245 ## - TITLE STATEMENT
Title Principles of soft computing /
Statement of responsibility, etc. S.N. Sivnandam, S.N.Deepa
260 ## - PUBLICATION, DISTRIBUTION, ETC.
Place of publication, distribution, etc. India
Name of publisher, distributor, etc. wiley
Date of publication, distribution, etc. 2007
300 ## - PHYSICAL DESCRIPTION
Extent xx,742 p.:
505 ## - FORMATTED CONTENTS NOTE
Formatted contents note Introduction (Page-1), Artificial Neural networks: An Introduction (Page-11), Supervised Learning Network (Page-59), Associative Memory Networks (Page-117), Special Networks (Page-291), Classical Relations and Fuzzy Relations (Page-339), Membership Functions (Page-369), Defuzzification (Page-389), Fuzzy Arithmetic and Fuzzy Measures (Page-415), Fuzzy Rule Base and Approximate Reasoning (Page-347), Fuzzy Decision Making (Page-453), Fuzzy Logic Control System(Page-463) Genetic Algorithm (Page-475), , Applications of soft Computing (Page-535), Soft Computing technique using C and C++ (Page-567), Mat lab Environment for soft Computing techniques (Page-633).
650 ## - SUBJECT ADDED ENTRY--TOPICAL TERM
Topical term or geographic name entry element Computer Software
9 (RLIN) 1229
942 ## - ADDED ENTRY ELEMENTS (KOHA)
Source of classification or shelving scheme
Koha item type Book
Call number prefix 006.3,SIV
Holdings
Withdrawn status Lost status Source of classification or shelving scheme Damaged status Not for loan Permanent Location Current Location Shelving location Date acquired Full call number Barcode Date last seen Price effective from Koha item type Public note
          Military College of Signals (MCS) Military College of Signals (MCS) General Stacks 10/21/2022 006.3,SIV MCS34487 10/21/2022 10/21/2022 Book Almirah No.7, Shelf No.2
© 2023 Central Library, National University of Sciences and Technology. All Rights Reserved.